000 02194cam a2200385 i 4500
001 19177861
003 URS
005 20260326151011.0
008 160715s2016 enk b 001 0 eng
010 _a 2016022062
020 _a9781845415792
_qhbk : alk. paper
020 _a9781845415785
_qpbk : alk. paper
020 _z9781845415822 (Kindle)
020 _z9781845415808 (Pdf)
020 _z9781845415815 (Epub)
040 _aDLC
_beng
_cDLC
_erda
_dURS
043 _aa------
050 1 4 _aG155.A74
_bAs421 2016
100 1 _aKhoo-Lattimore, Catheryn
245 0 0 _aAsian genders in tourism /
_cedited by Catheryn Khoo-Lattimore and Paolo Mura.
264 1 _aBristol, UK ;
_aTonawanda, NY :
_bChannel View Publications,
_c[2016]
300 _axi, 127 pages ;
_c24 cm
336 _atext
_btxt
_2rdacontent
337 _aunmediated
_bn
_2rdamedia
338 _avolume
_bnc
_2rdacarrier
490 0 _aAspects of tourism ;
_v75
504 _aIncludes bibliographical references and index.
505 0 _aThe embodiment of gender and "Asianness" in tourism / Catheryn Khoo-Lattimore & Paolo Mura -- Asian gendered identities in tourism / Elaine Chiao Ling Yang & Paolo Mura -- "Doing" tourism gender research in Asia : an analysis of authorship, research topic, and methodology / Elaine Chiao Ling Yang & Rokhshad Tavakoli -- Asian gendered performance in tourism / Lim Tau Sian & Paolo Mura -- The impact of masculinities in researcher-respondent relationship : a socio-historical perspective / Karun Rawat & Catheryn Khoo-Lattimore -- The Asian female tourist gaze : a conceptual framework / Eunice Tan & Barkathunnisha Abu Bakar -- "Home" as a mobile cultural diaspora : South Asian American women and the conceptualisation of holidays in America / Roksana Badruddoja -- My journeys in second life : an autonetnography / Rokhshad Tavakoli -- Conclusion / Paolo Mura & Catheryn Khoo-Lattimore.
650 0 _aTourism
_xSocial aspects
_zAsia.
650 0 _aSex role
_zAsia.
650 0 _aAsians
_xEthnic identity.
700 1 _aKhoo-Lattimore, Catheryn,
_d1974-
_eeditor.
700 1 _aMura, Paolo Biagio,
_eeditor.
942 _2lcc
_cFR
_hG155.A74
_iAs421 2016
999 _c99224
_d99221